Statistiques concernant les 100 films les plus vus

Cliquez ici pour prendre le quiz!

Statistiques générales

  • Ce quiz a été pris 840 fois
  • Le résultat moyen est 14 sur 100

Statistiques - réponses

IndiceRépondre% Correct
Hakuna matataLe roi lion
85%
Doc et MartyRetour vers le futur
80%
Vous avez dit un T-rex ?Jurassic park
74%
Doc et Marty #2Retour vers le futur 2
58%
Espèce de sale sang de bourbe ( premier films )Harry potter à l'école des sorciers
50%
- Je peux avoir votre nom mademoiselle ? - Dawson... Rose Dawson.Titanic
46%
vers l'infini et au delàToy story
40%
Premiére rencontre avec DobbyHarry potter et la chambre des secrets
37%
Doc et Marty #3Retour vers le futur 3
37%
le tournoi des trois sorciersHarry Potter et la coupe de feu
32%
Il s’appelle Juste Leblanc.Le Dîner de cons
31%
La vie c’est comme une boîte de chocolats, on ne sait jamais sur quoi on va tomber.Forrest Gump
30%
"Prince Ali, sa Seigneurerie, Ali Ababoua ! A genoux, prosternez-vous, soyez ravis ! Pas de panique on se calme, criez vive Ali, Salam !"Aladdin
28%
- Mais ta gueule Rascasse ! - Mais cool hein on est en vacances hein relax ! - Je t'emmerde le Belge, je t'emmerde !Les Bronzés
28%
le début d'une trilogie avec un anneauLe seigneur des anneaux: la communauté de l'anneau
27%
Quand te reverrais-je ? Pays merveilleux ! Où ceux qui s’aiment, vivent à deux !Les bronzés font du ski
26%
deuxiéme films d'une trilogue avec un anneauLe seigneur des anneaux: Les deux tours
25%
troisiéme films d'une trilogie avec un anneauLe seigneur des anneaux: le retour du roi
24%
Hasta la vista, baby ! #2Terminator
24%
E.T. téléphone maison.E.T l'extra-terrestre
23%
Dans la jungle tu attendras, un 5 ou un 8 te délivrera.Jumanji
23%
Vous voulez un Whisky ? Juste un doigt... Vous voulez pas un Whisky d'abord ?La cité de la peur
22%
Eh, Pierre ! Y'a un monsieur très malpoli qu'a téléphoné, y voulait enculer Therèse !Le pére noël est une ordure
22%
Films de Tim burdon une hisotire de noëlL'étrange noël de Monsieur Jack
22%
Supercallifragilisticexpialidocious.Mary Poppins
22%
tout le monde veut devenir un catLes Aristochats
21%
trois trilogie dans l'espaceStars wars
21%
deuxiéme films de la deuxiéme trilogie dans l'espaceStar wars: l'empire contre attaque
21%
Mon nom est Maximus Desimus Meridius, commandant en chef des armées du nord, général des légions Félix, fidèle serviteur du vrai empereur Marc Aurel. Père d'un fils assassiné, époux d'une femme assassiné, et j'aurais ma vengeance dans cette vie ou dans l'autre.Gladiator
20%
Et là... une grande allée avec plein d'statues, qu'on appellera la grande allée avec plein d'statues !Astérix et Obélix: mission cléopâtre
19%
"Et on lui pèlera le jonc comme au bailli du Limousin, qu'on a fendu un beau matin, qu'on a pendu avec ses tripes !"Les visiteurs
19%
Il ne suffit pas de se mettre une plume dans le cul pour ressembler à un coq.Fight Club
18%
troisiéme films de la deuxiéme trilogie dans l'espaceStar wars: le retour du jedi
18%
Premiére épisode d'un célébre piratePirates des Caraïbes: La malédiction du Black Pearl
15%
Troisiéme films de la premiére trilogie dans l'espaceStar wars: La revanche des Sith
15%
Ne l’exposez pas à la lumière, il déteste la lumière brillante, surtout celle du soleil, ça le tuerais. Ensuite, tenez le éloigné de l’eau, ne le mouillez pas. Mais la règle la plus importante, la règle que vous ne devez jamais oublier, même si il pleur, même si il vous supplie, ne jamais, jamais lui donner à manger après minuit. Vous avez compris ?Gremlins
14%
Tu vois, le monde se divise en deux catégories, ceux qui ont un pistolet chargé et ceux qui creusent. Toi tu creuses.Le Bon La Brute et le Truand
14%
Premier films de la premiére trilogie dans l'espaceStar wars: La menace fantôme
14%
C'est comme ça qu'on voit si on se plaît avec une personne, quand on peut se taire tout à fait, au moins une minute et profiter du silence.Pulp Fiction
13%
Deuxiéme épisode de la premiére trilogie dans l'espaceStar wars: l'attaque des clones
13%
Mon senorrr, il est l'orrr, l'orrr de se réveiller !La folie des grandeurs
12%
Ils peuvent me tuer, je parlerai pas ! Mais moi non plus, ils peuvent vous tuer, je ne parlerai pas !La grande vadrouille
12%
troisiéme films d'un célébre aventuriersIndiana Jones et la dernière Croisade
11%
deuxiémes films d'un célbre aventurierIndiana Jones et le temple maudit
11%
Hey Pilpoil, mais toi pille là-dessous, ça va être au poil !Toy story 2
10%
Bienvenue dans le Magicobus, transport d'urgence pour les sorcières et les sorciers en perdition ! ( troisiéme films)Harry potter et le prisonier d'Azkaban
9%
Une histoire qui se termine jamaisL'histoire sans fin
9%
- Vous connaissez ma femme ? - Oui chef. - Elle est belle hein ? - Oui chef...RRRrrr !!!
9%
Debout les campeurs et haut les cœurs, n’oublier pas vos bottes parce que ça caille aujourd’hui. Ça caille tous les jours par ici, on n’est pas a Miami. On en est même loin et il faut s’attendre à quelques problèmes de circulation se soir avec ce comment déjà.. oui ce blizzard. Blizzard vous avez dit blizzard ? comme c’est étrange, hé bien voici les prévisions, la météo nationale prévoit un super blizzard ça va décoiffer. Oui ça va décoiffer mais il y a une autre raison pour laquelle cette journée est si particulièrement passionnante. Oui et particulièrement froide. Oui particulièrement froide, mais une question majeure est sur toutes les lèvres. Lèvres gercés. Oui les lèvres gercées. Poils au nez. Croyez vous que Phil verra son ombre à son réveil. Le Phil de Punxsutawney. Oui, le rongeur, C’est le JOUR DE LA MARMOTTE.Un jour sans fin
9%
J’te donne dix secondes pour bouger ton gros cul dégueulasse de là ! Unnn... Deuuuux... DIX !!Maman j'ai raté l'avion
8%
"Et enlève ce maquillage ignoble de ta figure, tu as l'air d'une pute !" Dirty dancing
7%
Dans le genre flic t'es pas au top, alors pas le temps de jouer à question-réponse. T'écoute ou tu te barres.Matrix
7%
Il faut que ce soit green ok ?Le cinquième élément
6%
Je mens pas, j'suis pas un PD !Les trois Frères
6%
Haku écoute moi... ce que je vais te dire, je m’en souviens pas moi-même mais je sais que ma maman me l’a raconté. Quand j’étais toute petite, je suis tombée dans une rivière, le temps a passé, ils l’ont remblayée, ils ont mis des immeubles dessus. Mais il y a une chose dont je me souviens... ça vient de me revenir ! Cette rivière c’était la rivière Kohaku ! Ton vrai nom c’est Kohaku, comme la rivière !Le voyage de Chihiro
6%
C’est notre RAIS a nous, René COTI ! Un grand homme, il marquera l’histoire, il aime les cochinchinois, les malgaches, les sénégalais, les marocains... c’est donc ton ami.OSS 117: Le Caire, nid d'espions
6%
Nous sommes ce que nous choisissons d’être.Spider-man
6%
Ça c'est pas du biceps en papier !La belle et la bête
5%
- Rhha... les sales rouges ! - Bah, non, les sales jaunes!OSS 117: Rio ne répond plus
5%
A l'époque, Teddy et moi, on aimait bien marcher dans Toonville. On s'amusaitQui veut la peau de Roger Rabbit ?
5%
- T’as déjà rencontré des gens que tu n’as pas tué ? - Et bien... je t’ai pas encore tué que je sache.L'arme Fatale
4%
Wow, tout le monde se calme ! Ceci est un police piton 357 magnum, avec ça mon pôte, j’te fais un trou dans l’buffet, tu fais trois fois l’tour de ton slip, direction Pekin !La tour montparnasse Infernal
4%
Vous voulez parler à Dieu ? Alors allons lui parler ensemble. Je n’ai rien de mieux à faire ce matin.Les aventuriers de l'arche perdu
4%
Circule, avant que je te bouscule !Mulan
4%
Qui que vous soyez, attention, cette fréquence est exclusivement réservée aux urgences. -Sans blague ! Et vous croyez que j’appelle pour commander une pizza ?Piège de cristal
4%
Dressez vous sans relâche jusqu'à ce que les moutons deviennent des lions.Robin des bois
4%
Hasta la vista, baby ! #1Terminator 2: le jugement dernier
4%
Tu sais ce que j'ai remarqué ? Personne ne panique quand tout se déroule selon le plan.The Dark Knight
4%
Ici c’est moi qui fait la loi alors faites pas chier.The Mask
4%
Dans l’espace personne ne vous entend crier.Alien: le 8ème Passager
3%
J’ai vu tant de choses, que vous, humains, ne pourriez pas croire... De grands navires en feu surgissant de l’épaule d’Orion, j’ai vu des rayons fabuleux, des rayons C, briller dans l’ombre de la Porte de Tannhaüser. Tous ces moments se perdront dans l’oubli, comme les larmes dans la pluie. Il est temps de mourir.Blade Runner
3%
- Est-ce-que vous avez vu la nouvelle, elle a des gros nichon et ils sont pas en plastique comme tout les autres. - Ils sont plus gros que ceux d’Annette ? - Il y a pas de plus gros que ceux d’Annette.Grease
3%
- La révolution est comme une bicyclette : quand elle n'avance plus, elle tombe. - Eddy Merckx ! - Non, Che Guevara.Les aventures de Rabbi Jacob
3%
-Il y a 160 kilomètres d'ici à Chicago, nous avons un réservoir plein d'essence, un demi paquet de cigarettes, il fait noir et nous portons des lunettes noires. -En route!Les Blues Brothers
3%
Salut les jeunes, un important message de votre oncle Billy, n’achetez pas de drogues... Devenez une rockstar on vous la refilera gratuitement.Love Actually
3%
T’as pas une gueule de porte-bonheur !Predator
3%
San est ma fille, ma tribu est la sienne. Si la forêt meurt elle mourra avec elle.Princesse Mononoké
3%
T'aimes bien les omelettes ? Tiens je te casse les œufs !Last Action Hero
2%
Neuf proces-verbaux Vous ne perdez pas de temps Le temps, c'est de l'argent La voiture de Mr le Maire Sur le passage clouté Un instant d'inattention. Je m'en occuperaiLe gendarme de Saint-Tropez
2%
Levons notre verre aux femmes qui boivent et qui fument.les dents de la mer
2%
attends euh la cirurlaire b65 oui concernant le laissezpasser a39Les douzes travaux d'Astérix
2%
On dit qu’on revoit toute sa vie au moment où on va mourir ; ben c’est vrai, j’ai vu ma vie défiler devant mes yeux quand je suis tombé. C’était un tout petit film !Les Goonies
2%
Les cons, ça ose tout, c’est même à ça qu’on les reconnaît.Les tontons flingeurs
2%
- L’amour a un grand pouvoir d’attraction sur les créatures. - Plus grand que la gravitation ? - Oui mon garçon, c’est une force énorme. Je dirais même que c’est la plus grande force sur cette Terre.Merlin l'enchanteur
2%
Et à mon tour puis-je savoir pourquoi, avec l'intention évidente de me blesser, vous venez me dire que vous, vous m'aimez ?Orgueil et Préjugés
2%
Voici le bon grain. Le manger est à la portée de tous les imbéciles, mais notre seigneur dans sa divine sagesse a prévu une meilleure façon de le consommer. Et levons une prière de remerciement à nôtre créateur qui dans sa bonté céleste nous a donné... la bière.Robin des bois, prince des voleurs
2%
Montrons à cette salope de l'âge de pierre ce qu'on sait faire, nous les Américains.SOS Fantômes
2%
Tu vois ce qui se passe Larry, quand on veut niquer les gens jusqu’au trognon ?! Voilà ce qui se passe Larry, quand on veut niquer les gens jusqu’au trognon ! The big lebowski
2%
Au secours! Y a un pec qui me menace... Il a un gland dans la main !Willow
2%
Peut-être que t'as pas bien regardé le match à la télévision, mais on vient d'se faire torcher l'cul mec !!Alien: le retour
1%
"Tu baises le ménagère, bien tu dois avoir le cul qui brille"La classe américaine
1%
D’abord, ta tête va enfler comme une pastèque, tu vas grossir de 50 kilos environ en deux heures. Puis, il va te pousser des griffes, des pustules sanguinolentes. Et ensuite tu vas remarquer que tu as six énormes seins poilus qui te poussent dans le dos. Tu vas perdre la vue, ton corps va se transformer en cire, il va falloir te mettre dans une brouette, et tu vas hurler à l’aide, ton cri sera celui d’un raton-laveur. Putain je suis prêt à tout essayer dans la vie mais jamais je toucherai à une épiphyse.Las Vegas parano
1%
Il ne faut pas que tu m’en veuilles Où je vais me mettre à pleurer Mon maquillage va couler Et j’ai déjà la larme à l’œil !Les demoiselles de Rochefort
1%
J'ai cru voir Michael Jordan... Mais oui ! Mais oui ! J'ai vu Michael Jordan !Space James
1%
Je suis né ici, sur cette terre qu'on allait appeler "Ce bon vieux Far-Ouest". Mais pour mes semblables, elle était éternelle. Sans commencement ni fin, sans frontière, entre le sol et le ciel. Comme le vent, dans l'herbe à bison, notre place était ici, et elle le serait pour toujours.Spirit, l'étalon des plaines
1%
Je suis un gentil travesti.The Rocky Horror Picture Show
1%
Si Benjamin était un médicament, ça serait un suppositoire.Wayne's World
1%
Fight to surviveBloodsport, tous les coups sont permis
0%
Mentir, moi, jamais ! La vérité est bien trop amusante.La revanche du capitaine crochet
0%
Le plus rapide pour aller vers le sud c’est pas la neuvième, c’est par central parc. - Seigneur... l’avenue du parc est toujours bouchée. - Qui t’a dit que je prenais l’avenue. J’ai dit que je prenais par le parc.Une Jorurnée en enfer
0%

Distribution des résultats

Percentile par nombre de réponses

% des personnes avec chaque résultat

Votre développement - résultats

Vous n’avez pas pris ce quiz